[Event "Atina Open og KM 2024"]
[Site "Copenhagen"]
[Date "2024.11.08"]
[Round "1.1"]
[White "Tilicheev, Viacheslav"]
[Black "Molvig, Henrik"]
[Result "1-0"]
[WhiteElo "2437"]
[BlackElo "2073"]
[EventDate "2024.11.08"]
[EventType "swiss"]
[EventRounds "7"]
[EventCountry "DEN"]
[SourceTitle "Live v. Kasper Jerwiarz"]

1. e4 c5 2. Nf3 d6 3. d4 cxd4 4. Nxd4 Nf6 5. Nc3 a6 6. h4 Qc7 7. h5 h6 8. Be2 b5 9. a4 b4 10. Nd5 Nxd5 11. exd5 Bb7 12. O-O Nd7 13. c4 bxc3 14. bxc3 Bxd5 15. Nb5 axb5 16. Qxd5 Rxa4 17. Rxa4 bxa4 18. Qa8+ Qd8 19. Qxa4 e6 20. Be3 d5 21. Rb1 Bd6 22. Rb7 Bc7 23. Bb5 Qc8 24. Qa7 Kd8 25. Bxd7 Qxd7 26. Rxc7 1-0

[Event "Atina Open og KM 2024"]
[Site "Copenhagen"]
[Date "2024.11.08"]
[Round "1.2"]
[White "Jensen, Thore Nyboe"]
[Black "Kistrup, Nicolai"]
[Result "0-1"]
[WhiteElo "2056"]
[BlackElo "2420"]
[EventDate "2024.11.08"]
[EventType "swiss"]
[EventRounds "7"]
[EventCountry "DEN"]
[SourceTitle "Live v. Kasper Jerwiarz"]

1. e4 e5 2. Nf3 Nc6 3. Bc4 Nf6 4. Ng5 d5 5. exd5 Na5 6. Bb5+ c6 7. dxc6 bxc6 8. Bd3 Nd5 9. Nf3 Bd6 10. O-O O-O 11. Re1 f5 12. Nxe5 Qf6 13. Nf3 g5 14. c3 g4 15. Nd4 Qh6 16. g3 f4 17. Bf1 Bd7 18. d3 Rf6 19. Na3 Qh5 20. Nc4 Nxc4 21. dxc4 Raf8 22. cxd5 fxg3 23. fxg3 Bxg3 24. hxg3 Rf2 25. Bg2 0-1

[Event "Atina Open og KM 2024"]
[Site "Copenhagen"]
[Date "2024.11.08"]
[Round "1.4"]
[White "Li, Anna Sofie"]
[Black "Jacobsen, Mikkel Manosri"]
[Result "1-0"]
[WhiteElo "1983"]
[BlackElo "2289"]
[EventDate "2024.11.08"]
[EventType "swiss"]
[EventRounds "7"]
[EventCountry "DEN"]
[SourceTitle "Live v. Kasper Jerwiarz"]

1. e4 c6 2. d4 d5 3. exd5 cxd5 4. Bd3 Nc6 5. c3 Nf6 6. Bf4 Bg4 7. Qb3 Qd7 8. Nd2 e6 9. Ngf3 Bd6 10. Bxd6 Qxd6 11. O-O O-O 12. Rfe1 Ne7 13. Ne5 Bf5 14. Ndf3 b5 15. a3 Rab8 16. Nh4 Be4 17. Re3 a5 18. a4 bxa4 19. Qc2 Bxd3 20. Nxd3 Rb5 21. h3 Rfb8 22. Rxa4 Ne4 23. Re1 Nc6 24. Nf3 f6 25. c4 Rb3 26. c5 Qd7 27. Rea1 g5 28. Nd2 R3b5 29. Re1 f5 30. Nf3 Qg7 31. Rb1 g4 32. hxg4 fxg4 33. Nfe5 Nxe5 34. Nxe5 Rf8 35. Rf1 Nxc5 36. Qe2 Rfb8 37. dxc5 Rxb2 38. Qxg4 Qxg4 39. Rxg4+ Kf8 40. Nd7+ 1-0

[Event "Atina Open og KM 2024"]
[Site "Copenhagen"]
[Date "2024.11.08"]
[Round "1.5"]
[White "Medhus, Vitus Bondo"]
[Black "Johansen, Haldur Suni"]
[Result "1-0"]
[WhiteElo "2311"]
[BlackElo "2004"]
[EventDate "2024.11.08"]
[EventType "swiss"]
[EventRounds "7"]
[EventCountry "DEN"]
[SourceTitle "Live v. Kasper Jerwiarz"]

1. d4 d5 2. Nc3 Nf6 3. Bf4 e6 4. Nb5 Na6 5. e3 c6 6. Nc3 Nc7 7. Nf3 Bd6 8. Ne5 O-O 9. Bd3 Nce8 10. g4 Qc7 11. Qf3 Nd7 12. Qh3 g6 13. Qg3 Nxe5 14. dxe5 Be7 15. h4 Ng7 16. Bh6 c5 17. h5 c4 18. hxg6 fxg6 19. Bxg7 Kxg7 20. Qh2 Rh8 21. Qh6+ Kg8 22. Bxg6 Bf8 23. Qf4 Bg7 24. Nb5 Qe7 25. Bh5 Bd7 26. Nd6 Rf8 27. Qg3 Bc6 28. f4 d4 29. e4 h6 30. O-O-O c3 31. Rxd4 cxb2+ 32. Kb1 1-0

[Event "Atina Open og KM 2024"]
[Site "Copenhagen"]
[Date "2024.11.08"]
[Round "1.6"]
[White "Bronnum, Jan"]
[Black "Hoi, Carsten"]
[Result "0-1"]
[WhiteElo "1997"]
[BlackElo "2301"]
[EventDate "2024.11.08"]
[EventType "swiss"]
[EventRounds "7"]
[EventCountry "DEN"]
[SourceTitle "Live v. Kasper Jerwiarz"]

1. d4 Nf6 2. Bf4 g6 3. Nc3 Bg7 4. e4 d6 5. Be2 Nc6 6. Qd2 O-O 7. O-O-O Nd7 8. Nf3 e5 9. Bg5 f6 10. Bc4+ Kh8 11. Bh6 Nb6 12. Bb3 Bg4 13. h3 Bxf3 14. gxf3 Nxd4 15. Bxg7+ Kxg7 16. f4 c5 17. Bd5 exf4 18. Qxf4 Nxd5 19. exd5 Qd7 20. Kb1 Rae8 21. h4 Qf5 22. Qd2 h5 23. f4 b5 0-1

[Event "Atina Open og KM 2024"]
[Site "Copenhagen"]
[Date "2024.11.08"]
[Round "1.7"]
[White "Falkesgaard, Jeppe Hald"]
[Black "Moller, Silas Ingemann"]
[Result "1-0"]
[WhiteElo "2266"]
[BlackElo "1960"]
[EventDate "2024.11.08"]
[EventType "swiss"]
[EventRounds "7"]
[EventCountry "DEN"]
[SourceTitle "Live v. Kasper Jerwiarz"]

1. c4 c5 2. g3 Nc6 3. Bg2 g6 4. Nf3 Bg7 5. O-O e5 6. Nc3 d6 7. d3 Nge7 8. Ne1 Be6 9. Nc2 d5 10. cxd5 Nxd5 11. Ne3 Nde7 12. a3 O-O 13. Rb1 Rc8 14. Ne4 Nd4 15. b4 cxb4 16. axb4 Nd5 17. Nxd5 Bxd5 18. e3 Nb5 19. Bb2 Qe7 20. Nf6+ Bxf6 21. Bxd5 Rfd8 22. Qf3 Rc2 23. Ba1 Nc3 24. Bxc3 Rxc3 25. Qe4 b6 26. h4 Qd7 27. Bc4 b5 28. Ba2 Qxd3 29. Qf3 Qd6 30. Rbd1 Qe7 31. Rxd8+ Qxd8 32. Rd1 Qe7 33. h5 e4 34. Qg4 Rd3 35. Rxd3 exd3 36. hxg6 hxg6 37. Qxg6+ Bg7 38. Qxd3 Qxb4 39. Qd5 Qb2 40. Qxf7+ Kh7 41. Qf5+ Kh6 42. Bf7 1-0

[Event "Atina Open og KM 2024"]
[Site "Copenhagen"]
[Date "2024.11.08"]
[Round "1.8"]
[White "Moe, Arthur Helsted"]
[Black "Perets, Dmytro"]
[Result "0-1"]
[WhiteElo "1918"]
[BlackElo "2235"]
[EventDate "2024.11.08"]
[EventType "swiss"]
[EventRounds "7"]
[EventCountry "DEN"]
[SourceTitle "Live v. Kasper Jerwiarz"]

1. d4 g6 2. e4 Bg7 3. Nf3 c5 4. c4 cxd4 5. Nxd4 Nc6 6. Nc2 Nf6 7. Nc3 O-O 8. Be2 d6 9. O-O Be6 10. f3 Na5 11. Ne3 Rc8 12. Qa4 Qb6 13. Kh1 Bh6 14. Ned5 Nxd5 15. cxd5 Bxc1 16. Raxc1 Qxb2 17. Qxa5 Bd7 18. Bb5 b6 19. Qa4 Rxc3 20. Rxc3 Bxb5 21. Rb3 Bxa4 22. Rxb2 Rc8 23. h4 Kg7 24. Kh2 Kf6 25. g4 b5 26. Kg3 Ke5 27. Rd2 Rc3 28. g5 b4 29. Kg4 Bd7+ 30. Kg3 a5 31. Rff2 a4 32. h5 b3 33. axb3 axb3 34. hxg6 hxg6 35. Kh4 Kf4 36. Rde2 Rc8 0-1

[Event "Atina Open og KM 2024"]
[Site "Copenhagen"]
[Date "2024.11.08"]
[Round "1.9"]
[White "Pedersen, Daniel Vesterbaek"]
[Black "Bekmukhanov, Sauran"]
[Result "1-0"]
[WhiteElo "2228"]
[BlackElo "1940"]
[EventDate "2024.11.08"]
[EventType "swiss"]
[EventRounds "7"]
[EventCountry "DEN"]
[SourceTitle "Live v. Kasper Jerwiarz"]

1. Nf3 d5 2. c4 e6 3. g3 Nf6 4. Bg2 c5 5. b3 Nc6 6. O-O Be7 7. Bb2 O-O 8. e3 dxc4 9. bxc4 Qd3 10. Qc1 Rd8 11. Rd1 Nb4 12. a3 Nc2 13. Ra2 Qxc4 14. Bxf6 Qxa2 15. Bxe7 Rd7 16. Bxc5 Rc7 17. Bd4 Rc6 18. Bc3 f6 19. d3 Rc7 20. Rd2 e5 1-0

[Event "Atina Open og KM 2024"]
[Site "Copenhagen"]
[Date "2024.11.08"]
[Round "1.10"]
[White "Mihaila, Radu Stefan"]
[Black "Rasmussen, Casper Dahl"]
[Result "0-1"]
[WhiteElo "1921"]
[BlackElo "2202"]
[EventDate "2024.11.08"]
[EventType "swiss"]
[EventRounds "7"]
[EventCountry "DEN"]
[SourceTitle "Live v. Kasper Jerwiarz"]

1. e4 c5 2. Nf3 e6 3. d4 cxd4 4. Nxd4 a6 5. Nc3 Qc7 6. Be3 Bb4 7. Qd2 Nf6 8. f3 d5 9. Bd3 e5 10. Nb3 d4 11. Nxd4 exd4 12. Bxd4 Nc6 13. Bxf6 gxf6 14. O-O-O Be6 15. Kb1 Qa5 16. a3 Bxc3 17. Qxc3 Qxc3 18. bxc3 Rg8 19. g3 Rc8 20. f4 Na5 21. f5 Bd7 22. Kb2 Nc6 23. Bc4 Ne5 24. Bd5 Ke7 25. Rd4 Rc7 26. Rhd1 Rgc8 27. c4 b5 28. Kb3 bxc4+ 29. Kc3 Nf3 30. Rxc4 Rxc4+ 31. Bxc4 Bb5 32. Kd4 0-1

[Event "Atina Open og KM 2024"]
[Site "Copenhagen"]
[Date "2024.11.08"]
[Round "2.1"]
[White "Petersen, Peter Birk"]
[Black "Tilicheev, Viacheslav"]
[Result "0-1"]
[WhiteElo "2142"]
[BlackElo "2437"]
[EventDate "2024.11.08"]
[EventType "swiss"]
[EventRounds "7"]
[EventCountry "DEN"]
[SourceTitle "Live v. Kasper Jerwiarz"]

1. e4 c5 2. Nf3 Nc6 3. d4 cxd4 4. Nxd4 Nf6 5. Nc3 h5 6. Bc4 e6 7. Bb3 Qc7 8. f3 Bb4 9. Be3 a6 10. Qd2 Na5 11. O-O-O Nc4 12. Bxc4 Qxc4 13. Qd3 Qxd3 14. Rxd3 d5 15. exd5 Bxc3 16. Rxc3 Nxd5 17. Rb3 e5 18. Ne2 Be6 19. Bf2 b5 20. Re1 O-O 21. Ng3 h4 22. Ne4 Nf4 23. Rc3 Nxg2 24. Rg1 Nf4 25. Kd2 Rfd8+ 26. Ke3 Nd5+ 0-1

[Event "Atina Open og KM 2024"]
[Site "Copenhagen"]
[Date "2024.11.08"]
[Round "2.2"]
[White "Kistrup, Nicolai"]
[Black "Thorsbro, Peter"]
[Result "0-1"]
[WhiteElo "2420"]
[BlackElo "2132"]
[EventDate "2024.11.08"]
[EventType "swiss"]
[EventRounds "7"]
[EventCountry "DEN"]
[SourceTitle "Live v. Kasper Jerwiarz"]

1. e4 c6 2. d4 d5 3. e5 c5 4. Nf3 Bg4 5. dxc5 e6 6. Be3 Nd7 7. Bb5 Ne7 8. b4 Nc6 9. Bxc6 bxc6 10. Qd4 Bxf3 11. gxf3 a5 12. c3 axb4 13. cxb4 Qb8 14. f4 Ra4 15. a3 Bxc5 16. Qb2 Bxe3 17. fxe3 Qa7 18. Kf2 Nb6 19. Nd2 O-O 20. Rhc1 Rc8 21. Qd4 Rxa3 22. Rxa3 Qxa3 23. Ra1 c5 24. Rxa3 cxd4 25. exd4 g6 26. Ke3 Rc2 27. Ra6 Rc3+ 28. Ke2 Nc4 29. Nxc4 Rxc4 30. Ra8+ Kg7 31. Ke3 Rxb4 32. Ra3 Rb2 33. h4 Rh2 34. Ra7 Rxh4 35. Kf3 Rh3+ 36. Ke2 Rc3 37. Rb7 h5 38. Rb1 h4 39. Rh1 h3 40. Rg1 Kh6 41. Kf2 Rd3 42. Rh1 Kh5 43. Ke2 Ra3 44. Rg1 Kh4 45. Kf2 h2 46. Rh1 Kh3 47. Rb1 Rg3 48. Rb8 Kg4 49. Rb1 Rg1 0-1

[Event "Atina Open og KM 2024"]
[Site "Copenhagen"]
[Date "2024.11.08"]
[Round "2.3"]
[White "Frederiksen, Henrik"]
[Black "Medhus, Vitus Bondo"]
[Result "0-1"]
[WhiteElo "2131"]
[BlackElo "2311"]
[EventDate "2024.11.08"]
[EventType "swiss"]
[EventRounds "7"]
[EventCountry "DEN"]
[SourceTitle "Live v. Kasper Jerwiarz"]

1. d4 Nf6 2. Bf4 c5 3. e3 d5 4. Nf3 Nc6 5. Nbd2 e6 6. c3 Nh5 7. Be5 f6 8. Bg3 Qb6 9. Qb3 c4 10. Qc2 Nxg3 11. hxg3 f5 12. g4 Be7 13. gxf5 exf5 14. b3 cxb3 15. axb3 O-O 16. g4 g6 17. Bd3 Kg7 18. Nh4 Bxh4 19. Rxh4 Qd8 20. g5 Qxg5 21. Nf3 Qf6 22. O-O-O Be6 23. Rdh1 Rh8 24. Bb5 Nb4 25. Qe2 Nc6 26. Bxc6 bxc6 27. Qa6 Bc8 28. Qa5 Qd6 29. Ne5 Rb8 30. b4 Rb7 31. f4 Be6 32. Qa2 Bf7 33. Qh2 h5 34. Rg1 Kf8 35. Qg3 Rg8 36. Qg5 a5 37. Qh6+ Ke8 38. Rxh5 axb4 39. Rxf5 bxc3 40. Nc4 dxc4 41. Re5+ Kd8 42. Qg5+ Kd7 43. Rc5 Rgb8 44. Rg3 Bd5 45. Qh6 Rb1+ 46. Kc2 Be4+ 47. Kxc3 R8b3+ 48. Kxc4 Bd3# 0-1

[Event "Atina Open og KM 2024"]
[Site "Copenhagen"]
[Date "2024.11.08"]
[Round "2.4"]
[White "Hoi, Carsten"]
[Black "Gregor, Bjarke"]
[Result "1-0"]
[WhiteElo "2301"]
[BlackElo "2128"]
[EventDate "2024.11.08"]
[EventType "swiss"]
[EventRounds "7"]
[EventCountry "DEN"]
[SourceTitle "Live v. Kasper Jerwiarz"]

1. d4 Nf6 2. c4 e6 3. Nc3 Bb4 4. e3 O-O 5. Bd3 d5 6. Nge2 c5 7. cxd5 cxd4 8. exd4 exd5 9. Bg5 h6 10. Bh4 Nc6 11. O-O Be6 12. Bc2 Re8 13. Qd3 Bd6 14. Bxf6 Qxf6 15. a3 g6 16. Qd2 Qh4 17. g3 Qh5 18. Nf4 Bxf4 19. Qxf4 Rad8 20. Rfe1 Qg5 21. Qxg5 hxg5 22. Ba4 Nxd4 23. Bxe8 Rxe8 24. Red1 Nf3+ 25. Kg2 d4 26. Ne4 1-0

[Event "Atina Open og KM 2024"]
[Site "Copenhagen"]
[Date "2024.11.08"]
[Round "2.5"]
[White "Moe, Mogens"]
[Black "Falkesgaard, Jeppe Hald"]
[Result "1-0"]
[WhiteElo "2117"]
[BlackElo "2266"]
[EventDate "2024.11.08"]
[EventType "swiss"]
[EventRounds "7"]
[EventCountry "DEN"]
[SourceTitle "Live v. Kasper Jerwiarz"]

1. e4 c5 2. Nf3 Nc6 3. d4 cxd4 4. Nxd4 e5 5. Nb5 d6 6. N1c3 a6 7. Na3 Be7 8. Nd5 Nf6 9. Bd3 Nxd5 10. exd5 Qa5+ 11. Bd2 Qxd5 12. O-O Qe6 13. Nc4 d5 14. Nb6 Rb8 15. c4 dxc4 16. Bxc4 Qg6 17. Nxc8 Rxc8 18. Bc3 O-O 19. a4 Rfd8 20. Qb3 Bc5 21. Qxb7 Nd4 22. Kh1 a5 23. Rae1 Bb4 24. Bxb4 axb4 25. b3 Nc6 26. Re3 Qf6 27. Rf3 Qe7 28. Rxf7 Qxb7 29. Rxb7+ Kh8 30. Rb5 e4 31. Rc5 g6 32. g3 Kg7 33. a5 Kf6 34. a6 Ne5 35. Rxc8 Rxc8 36. Bd5 Rc7 37. Bxe4 Ra7 38. Bb7 Nd7 39. Rc1 Ke7 40. Rc4 Nb8 41. Rxb4 Nxa6 42. Bxa6 Rxa6 43. Rb7+ Ke6 44. b4 Kd5 1-0

[Event "Atina Open og KM 2024"]
[Site "Copenhagen"]
[Date "2024.11.08"]
[Round "2.6"]
[White "Perets, Dmytro"]
[Black "Slavensky, Asbjorn Vesterkaer"]
[Result "1-0"]
[WhiteElo "2235"]
[BlackElo "2104"]
[EventDate "2024.11.08"]
[EventType "swiss"]
[EventRounds "7"]
[EventCountry "DEN"]
[SourceTitle "Live v. Kasper Jerwiarz"]

1. e4 c5 2. Nf3 d6 3. Bb5+ Bd7 4. Bxd7+ Qxd7 5. O-O Nc6 6. c3 Nf6 7. Re1 e6 8. d4 cxd4 9. cxd4 Be7 10. Nc3 O-O 11. d5 Ne5 12. dxe6 fxe6 13. Nxe5 dxe5 14. Qxd7 Nxd7 15. Be3 a6 16. Red1 Nf6 17. f3 b5 18. a4 b4 19. Ne2 Rac8 20. Rac1 Kf7 21. Bb6 b3 22. Bc7 Bd8 23. Bxe5 Bb6+ 24. Bd4 Rc2 25. Rxc2 bxc2 26. Rc1 Bxd4+ 27. Nxd4 Rd8 28. Nxc2 Rd2 29. b3 Nd7 30. Nb4 a5 31. Nc6 Rb2 32. Nxa5 Ne5 33. Rd1 1-0

[Event "Atina Open og KM 2024"]
[Site "Copenhagen"]
[Date "2024.11.08"]
[Round "2.7"]
[White "Jaksland, Tim"]
[Black "Pedersen, Daniel Vesterbaek"]
[Result "0-1"]
[WhiteElo "2116"]
[BlackElo "2228"]
[EventDate "2024.11.08"]
[EventType "swiss"]
[EventRounds "7"]
[EventCountry "DEN"]
[SourceTitle "Live v. Kasper Jerwiarz"]

1. e4 c5 2. c3 d5 3. exd5 Qxd5 4. d4 Nf6 5. Nf3 e6 6. Na3 Nc6 7. Nb5 Qd8 8. dxc5 Bxc5 9. Qxd8+ Kxd8 10. Bf4 Ne4 11. O-O-O+ Bd7 12. b4 Be7 13. Be3 Rc8 14. Bd3 Nf6 15. Kb2 Nd5 16. Bxa7 Nxa7 17. Nxa7 Rxc3 18. Be4 Bf6 19. Nd4 Rc4 20. Bxd5 Rxd4 21. Kb3 Rxd5 22. Rxd5 exd5 23. a4 Bd4 24. Nb5 Bxb5 25. axb5 Bb6 26. Rd1 d4 0-1

[Event "Atina Open og KM 2024"]
[Site "Copenhagen"]
[Date "2024.11.08"]
[Round "2.8"]
[White "Rasmussen, Casper Dahl"]
[Black "Wahlgreen, Noah Krug"]
[Result "1-0"]
[WhiteElo "2202"]
[BlackElo "2090"]
[EventDate "2024.11.08"]
[EventType "swiss"]
[EventRounds "7"]
[EventCountry "DEN"]
[SourceTitle "Live v. Kasper Jerwiarz"]

1. Nf3 d5 2. e3 Nf6 3. c4 e6 4. b3 Be7 5. Bb2 O-O 6. Nc3 b6 7. Be2 Bb7 8. O-O c5 9. d4 cxd4 10. Nxd4 dxc4 11. Bxc4 Nc6 12. Nxc6 Bxc6 13. Qe2 Qc7 14. Rac1 Rfd8 15. Bb5 Rac8 16. Ba6 Ra8 17. Nb5 Bxb5 18. Bxb5 Qd6 19. Rfd1 Qb4 20. Bc4 Qa5 21. a3 Qh5 22. Qxh5 Nxh5 23. Be2 Bf6 24. Bxf6 Rxd1+ 25. Bxd1 Nxf6 26. Bf3 Rb8 27. b4 Kf8 28. Rc7 a5 29. b5 Ne8 30. Rc6 Ke7 31. Kf1 Kd7 32. Ke2 Nd6 33. a4 e5 34. Bd5 e4 35. Kd2 f5 36. Kc3 g6 37. Kd4 Nc8 38. Be6+ Kd8 39. Rxc8+ Rxc8 40. Bxc8 Kxc8 41. Ke5 Kc7 42. Ke6 h5 43. h4 Kb7 44. Kd7 Kb8 45. Kc6 Ka7 46. g3 Ka8 47. Kxb6 Kb8 48. Kxa5 Ka7 49. Kb4 Kb7 50. a5 Kc7 51. Kc5 1-0

[Event "Atina Open og KM 2024"]
[Site "Copenhagen"]
[Date "2024.11.08"]
[Round "2.9"]
[White "Saravana, Vedant Kumar"]
[Black "Jalving, August"]
[Result "0-1"]
[WhiteElo "2022"]
[BlackElo "2205"]
[EventDate "2024.11.08"]
[EventType "swiss"]
[EventRounds "7"]
[EventCountry "DEN"]
[SourceTitle "Live v. Kasper Jerwiarz"]

1. e4 c5 2. Nf3 d6 3. d4 cxd4 4. Nxd4 Nf6 5. Nc3 a6 6. Be2 e5 7. Nb3 Be7 8. Be3 Be6 9. O-O O-O 10. Qd2 Nc6 11. a3 b5 12. Bf3 Ng4 13. Bxg4 Bxg4 14. Nd5 Be6 15. Bb6 Qd7 16. Rad1 Bxd5 17. Qxd5 Rab8 18. Be3 Rfd8 19. f4 Bf6 20. Bc5 exf4 21. Bxd6 Rbc8 22. Kh1 Qe8 23. Qf5 Bxb2 24. Qxf4 f6 25. Bc5 Be5 26. Qf3 a5 27. Bb6 Rxd1 28. Rxd1 a4 29. Na5 Nxa5 30. Bxa5 Rxc2 31. Qd3 Rc8 32. Qd5+ Kh8 33. g3 h6 34. Qb7 Rb8 35. Qa7 Qh5 36. Rd3 Rc8 37. Qe3 Rc2 38. Rd2 Rxd2 39. Bxd2 Qd1+ 40. Kg2 Qb3 41. Qc5 Qb2 42. Qe3 b4 43. axb4 a3 44. Kh3 a2 45. Bc1 Qxb4 46. Qa7 a1=Q 47. Qf7 Qxe4 48. Qe8+ Kh7 49. Bf4 Qf5+ 0-1

[Event "Atina Open og KM 2024"]
[Site "Copenhagen"]
[Date "2024.11.08"]
[Round "2.10"]
[White "Jarlskov, Daniel Tuk Hartso"]
[Black "Nordenbaek, Jan"]
[Result "1-0"]
[WhiteElo "2064"]
[BlackElo "2166"]
[EventDate "2024.11.08"]
[EventType "swiss"]
[EventRounds "7"]
[EventCountry "DEN"]
[SourceTitle "Live v. Kasper Jerwiarz"]

1. d4 g6 2. c4 Bg7 3. Nc3 d6 4. e4 Nc6 5. Nf3 e5 6. Be3 Bg4 7. d5 Nd4 8. Be2 Bxf3 9. gxf3 a6 10. Qa4+ Kf8 11. h4 h5 12. O-O-O Ne7 13. f4 b5 14. Qa5 Nxe2+ 15. Nxe2 bxc4 16. fxe5 Bxe5 17. f4 Bg7 18. Bd4 Bxd4 19. Nxd4 c5 20. Qxd8+ Rxd8 21. Nf3 Kg7 22. Kc2 Rhe8 23. Rhe1 Nc8 24. a4 a5 25. Ng5 Nb6 26. Rf1 Rb8 27. Ra1 Nxd5 28. exd5 Re2+ 29. Kc3 Re3+ 30. Kd2 Rd3+ 31. Kc2 Rdb3 32. Ra2 Re8 33. Rf2 Ree3 34. f5 gxf5 35. Rxf5 f6 36. Ne6+ Kg6 37. Rf2 Rf3 1-0

[Event "Atina Open og KM 2024"]
[Site "Copenhagen"]
[Date "2024.11.08"]
[Round "3.1"]
[White "Tilicheev, Viacheslav"]
[Black "Rasmussen, Casper Dahl"]
[Result "1-0"]
[WhiteElo "2437"]
[BlackElo "2202"]
[EventDate "2024.11.08"]
[EventType "swiss"]
[EventRounds "7"]
[EventCountry "DEN"]
[SourceTitle "Live v. Kasper Jerwiarz"]

1. e4 e5 2. Nf3 Nf6 3. Nxe5 d6 4. Nf3 Nxe4 5. c4 Nc6 6. d3 Nf6 7. d4 d5 8. c5 Bg4 9. Bb5 Ne4 10. h3 Qh4 11. Nxh4 Bxd1 12. O-O Bh5 13. f3 Nf6 14. f4 h6 15. f5 g5 16. fxg6 Ne4 17. Rxf7 Be7 18. Nf5 Bxg6 19. Rxe7+ Kd8 20. Bxc6 Bxf5 21. Re5 1-0

[Event "Atina Open og KM 2024"]
[Site "Copenhagen"]
[Date "2024.11.08"]
[Round "3.2"]
[White "Medhus, Vitus Bondo"]
[Black "Moe, Mogens"]
[Result "1-0"]
[WhiteElo "2311"]
[BlackElo "2117"]
[EventDate "2024.11.08"]
[EventType "swiss"]
[EventRounds "7"]
[EventCountry "DEN"]
[SourceTitle "Live v. Kasper Jerwiarz"]

1. e4 c5 2. b4 cxb4 3. a3 e6 4. axb4 Bxb4 5. c3 Ba5 6. Qg4 g6 7. d4 Nc6 8. Nf3 d6 9. Bb5 e5 10. Qg3 exd4 11. Nxd4 Nge7 12. Bg5 Qc7 13. Bxe7 Kxe7 14. Bxc6 bxc6 15. Qg5+ 1-0

[Event "Atina Open og KM 2024"]
[Site "Copenhagen"]
[Date "2024.11.08"]
[Round "3.3"]
[White "Jalving, August"]
[Black "Hoi, Carsten"]
[Result "0-1"]
[WhiteElo "2205"]
[BlackElo "2301"]
[EventDate "2024.11.08"]
[EventType "swiss"]
[EventRounds "7"]
[EventCountry "DEN"]
[SourceTitle "Live v. Kasper Jerwiarz"]

1. e4 e5 2. Nf3 Nc6 3. d4 exd4 4. Bc4 d6 5. Nxd4 g6 6. Be3 Bg7 7. Nxc6 bxc6 8. Bd4 Bxd4 9. Qxd4 Qf6 10. c3 Qxd4 11. cxd4 Rb8 12. b3 Be6 13. Bxe6 fxe6 14. Nc3 Nf6 15. f3 Ke7 16. O-O-O Rhf8 17. Rhe1 Nh5 18. Rd2 g5 19. e5 Nf4 20. exd6+ cxd6 21. g3 Ng6 22. Rd3 Kd7 23. Kc2 h6 24. Ne4 a5 25. Nd2 a4 26. Rde3 axb3+ 27. Rxb3 Rxb3 28. Kxb3 e5 29. dxe5 Nxe5 30. Re3 c5 31. Kb2 Kc6 32. a4 Kd5 33. Ra3 Nc6 34. a5 Ra8 35. Nb3 c4 36. Nd2 Rxa5 37. Re3 Kc5 38. f4 gxf4 39. gxf4 d5 40. Nf3 d4 41. Re1 c3+ 42. Kc2 Kc4 43. Re4 Ra2+ 44. Kb1 Kb3 0-1

[Event "Atina Open og KM 2024"]
[Site "Copenhagen"]
[Date "2024.11.08"]
[Round "3.4"]
[White "Thorsbro, Peter"]
[Black "Perets, Dmytro"]
[Result "0-1"]
[WhiteElo "2132"]
[BlackElo "2235"]
[EventDate "2024.11.08"]
[EventType "swiss"]
[EventRounds "7"]
[EventCountry "DEN"]
[SourceTitle "Live v. Kasper Jerwiarz"]

1. d4 g6 2. c4 Bg7 3. g3 c5 4. d5 b5 5. cxb5 a6 6. bxa6 Bxa6 7. Nf3 Nf6 8. Nc3 O-O 9. e4 Qa5 10. Bd2 Qb4 11. Qc2 Bxf1 12. Kxf1 Qc4+ 13. Kg2 Na6 14. a3 Nc7 15. b3 Qa6 16. a4 d6 17. Rab1 Rfb8 18. Rhe1 Ng4 19. Ne2 Ne5 20. Nxe5 Bxe5 21. f4 Bg7 22. Bc3 Bxc3 23. Nxc3 Rb4 24. Na2 Rd4 25. Rbd1 Rxd1 26. Rxd1 Qb7 27. Qc4 Rb8 28. Rd3 Qa6 29. Qc2 Qa5 30. Nc3 Rb4 31. e5 Rd4 32. exd6 exd6 33. Ne2 Rxd5 34. Rxd5 Nxd5 35. Qd3 Qa8 36. Kf2 Nf6 37. Qf3 Ne4+ 38. Kg1 d5 39. f5 Qa7 40. fxg6 hxg6 41. Kg2 Qa5 42. h4 Qd2 43. h5 Ng5 44. Qf2 gxh5 45. Nf4 Qd1 46. Qe2 Qxb3 47. Nxh5 Qxa4 48. Nf6+ Kg7 49. Nxd5 Qc6 50. Qe5+ f6 51. Qf5 c4 52. Kf1 c3 53. Ne3 Qa6+ 54. Kf2 Qa2+ 55. Qc2 Qa8 56. Nf5+ Kh8 57. Qxc3 Ne4+ 0-1

[Event "Atina Open og KM 2024"]
[Site "Copenhagen"]
[Date "2024.11.08"]
[Round "3.5"]
[White "Pedersen, Daniel Vesterbaek"]
[Black "Jarlskov, Daniel Tuk Hartso"]
[Result "1/2-1/2"]
[WhiteElo "2228"]
[BlackElo "2064"]
[EventDate "2024.11.08"]
[EventType "swiss"]
[EventRounds "7"]
[EventCountry "DEN"]
[SourceTitle "Live v. Kasper Jerwiarz"]

1. e4 c6 2. d4 d5 3. e5 c5 4. Nf3 Nc6 5. dxc5 Bg4 6. c3 e6 7. Be3 Nge7 8. Bb5 Qc7 9. Nbd2 Nf5 10. Bd4 Be7 11. h3 Bxf3 12. Nxf3 Nfxd4 13. Qxd4 O-O 14. Qe3 d4 15. Nxd4 Nxd4 16. Qxd4 Bxc5 17. Qe4 Bxf2+ 18. Kxf2 Qc5+ 19. Kg3 Qxb5 20. b3 Qc5 21. c4 f6 22. Rae1 Rad8 23. Rhf1 f5 24. Qe2 Rd4 25. Rf4 Rxf4 26. Kxf4 Qd4+ 27. Kf3 g5 28. Qe3 g4+ 29. Kf2 Qd8 30. Qf4 Qh4+ 31. Ke2 Rd8 32. Rd1 Rxd1 33. Kxd1 Qd8+ 34. Ke2 gxh3 35. Qg3+ Kh8 36. gxh3 Qd4 37. a4 f4 38. Qg5 Qe3+ 39. Kf1 Qxh3+ 40. Kf2 Qe3+ 41. Kf1 Qh3+ 42. Kf2 1/2-1/2

[Event "Atina Open og KM 2024"]
[Site "Copenhagen"]
[Date "2024.11.08"]
[Round "3.6"]
[White "Fries Nielsen, Jens Ove"]
[Black "Veiergang, Oscar Jacob"]
[Result "1/2-1/2"]
[WhiteElo "2334"]
[BlackElo "2151"]
[EventDate "2024.11.08"]
[EventType "swiss"]
[EventRounds "7"]
[EventCountry "DEN"]
[SourceTitle "Live v. Kasper Jerwiarz"]

1. d4 Nf6 2. Nc3 d5 3. e3 Bf5 4. h3 e6 5. g4 Bg6 6. Bd3 c5 7. Nge2 Nc6 8. Nf4 cxd4 9. exd4 Qb6 10. Nce2 Bd6 11. c3 O-O-O 12. a4 e5 13. g5 exf4 14. gxf6 Rhe8 15. Kf1 gxf6 16. Nxf4 Bxf4 17. Bxf4 Qxb2 18. Bb5 Qc2 19. Qxc2 Bxc2 20. Bxc6 bxc6 1/2-1/2

[Event "Atina Open og KM 2024"]
[Site "Copenhagen"]
[Date "2024.11.08"]
[Round "3.7"]
[White "Li, Anna Sofie"]
[Black "Eriksson, Christian Altenburg"]
[Result "1/2-1/2"]
[WhiteElo "1983"]
[BlackElo "2129"]
[EventDate "2024.11.08"]
[EventType "swiss"]
[EventRounds "7"]
[EventCountry "DEN"]
[SourceTitle "Live v. Kasper Jerwiarz"]

1. e4 c5 2. Nf3 Nc6 3. d4 cxd4 4. Nxd4 e5 5. Nb5 d6 6. N1c3 a6 7. Na3 Be7 8. Nc4 b5 9. Ne3 Nf6 10. Ned5 Nxd5 11. Nxd5 O-O 12. Be3 Be6 13. Be2 Bg5 14. O-O Bxe3 15. Nxe3 Rb8 16. c3 a5 17. Bg4 b4 18. Bxe6 fxe6 19. Qd3 bxc3 20. bxc3 Qe7 21. Rfd1 Rb2 22. Nc4 Rbxf2 23. Qxd6 Qg5 24. Qxe6+ Kh8 25. Qh3 h6 26. Rd3 Qf4 27. Ne3 Qxe4 28. Ng4 Re2 29. Rdd1 Kh7 30. Nxh6 Qe3+ 31. Qxe3 Rxe3 32. Ng4 Rxc3 33. Rac1 Rxc1 34. Rxc1 Nd4 35. Re1 Rc8 36. Rxe5 a4 37. Re1 Rc2 38. Ra1 Ne2+ 39. Kf1 Nc3 40. a3 Nb5 41. Ne3 Rc3 42. Nd5 Rxa3 43. Rxa3 Nxa3 44. Nc3 Nc2 45. Nxa4 Kg6 46. Kf2 Nd4 47. Nc3 Nf5 48. g3 Nd4 49. Ke3 Nf5+ 50. Kf4 Nd4 51. Ne4 Ne6+ 52. Kg4 Nd4 53. h4 Ne6 54. h5+ Kh6 55. Kh4 g6 56. g4 gxh5 57. g5+ Kg6 58. Ng3 Nxg5 59. Nxh5 1/2-1/2